000 01024nam a2200277Ia 4500
005 20220317001313.0
008 161108s1998 sp g 000 j spa
020 _a9788433967435
100 1 _aCapote, Truman
_d1924-1984
245 1 0 _aTres cuentos
_bun recuerdo navideño, una navidad, el invitado del día de acción de gracias
_cTruman Capote
250 _aCuarta edición
300 _a115 páginas
_c20 cm
490 _aCompactos
534 _tA Christmas memory, One Christmas & The Thanksgiving visitor
650 1 4 _2LEMB
_aCuentos estadounidenses
_ySiglo XX
650 1 4 _2LEMB
_aLiteratura estadounidense
_ySiglo XX
650 1 4 _2LEMB
_aNavidad en la literatura
740 _aUn recuerdo navideño \\ Una navidad \\ El invitado del día de acción de gracias
942 _2loc
_cBKLIT
264 _aBarcelona
_bAnagrama
_c1998
336 _atexto
_btxt
_2rdacontent
337 _asin mediación
_bn
_2rdamedia
338 _avolumen
_bnc
_2rdacarrier
040 _aCO-BoRNBP
_bspa
_erda
_cCO-BoRNBP
084 _aC CAP1
999 _c6559
_d6559